[Event "38th Olympiad w"]
[Site "Dresden GER"]
[Date "2008.11.13"]
[Round "1"]
[White "Mamedjarova,T"]
[Black "Kosintseva,T"]
[Result "0-1"]
[WhiteElo "2269"]
[BlackElo "2513"]
[EventDate "2008.11.13"]

1. d4 Nf6 2. c4 e6 3. Nc3 Bb4 4. Qc2 O-O 5. Nf3 c5 6. e3 d5 7. dxc5 Nc6 8.
Be2 Bxc5 9. O-O a6 10. a3 Bd6 11. Rd1 dxc4 12. Bxc4 Qc7 13. h3 h6 14. e4
Ne5 15. Be2 b5 16. Be3 Bb7 17. Nd2 Ng6 18. Rac1 Rac8 19. Qb1 Qb8 20. Na2
Bh2+ 21. Kh1 Bf4 22. Qd3 Rcd8 23. Qb1 Bxe3 24. fxe3 Rxd2 25. Rxd2 Nxe4 26.
Qc2 Nf2+ 27. Kg1 Nxh3+ 28. Kf1 Qh2 29. Bf3 Qg1+ 0-1

[Event "38th Olympiad w"]
[Site "Dresden GER"]
[Date "2008.11.13"]
[Round "1"]
[White "Kosintseva,N"]
[Black "Isgandarova,K"]
[Result "1-0"]
[WhiteElo "2468"]
[BlackElo "2206"]
[EventDate "2008.11.13"]

1. e4 e6 2. d4 d5 3. Nc3 Nf6 4. e5 Nfd7 5. f4 c5 6. Nf3 Nc6 7. Be3 cxd4 8.
Nxd4 Bc5 9. Qd2 Nxd4 10. Bxd4 Bxd4 11. Qxd4 Qb6 12. Qd2 Nc5 13. O-O-O Bd7
14. Qd4 Rc8 15. h4 Qa5 16. h5 Na4 17. Ne4 Rc7 18. Nd6+ Ke7 19. h6 g5 20.
fxg5 Qb6 21. Rh3 Qxd4 22. Rxd4 Nc5 23. Rf4 Be8 24. Bb5 Nd7 25. Bxd7 Rxd7
26. Rhf3 Kf8 27. Rc3 Rg8 28. Rc8 Ke7 29. Rxe8+ Rxe8 30. Rxf7+ Kd8 31. Rxd7+
Kxd7 32. Nxe8 1-0

[Event "38th Olympiad w"]
[Site "Dresden GER"]
[Date "2008.11.13"]
[Round "1"]
[White "Zawadzka,J"]
[Black "Mira,H"]
[Result "1-0"]
[WhiteElo "2378"]
[BlackElo "2115"]
[EventDate "2008.11.13"]

1. e4 e5 2. Nf3 Nc6 3. Bb5 a6 4. Ba4 Nf6 5. O-O b5 6. Bb3 Bc5 7. a4 Rb8 8.
c3 d6 9. d4 Bb6 10. a5 Ba7 11. h3 O-O 12. Be3 Bb7 13. d5 Bxe3 14. dxc6
Bxf2+ 15. Rxf2 Bxc6 16. Bd5 Bxd5 17. exd5 Ne4 18. Rf1 f5 19. Nbd2 Ng3 20.
Re1 Qf6 21. Nf1 Ne4 22. N3d2 Nc5 23. Nb3 Ne4 24. Qe2 Kh8 25. Nbd2 Nc5 26.
b4 Nd7 27. c4 Qf7 28. Nb1 bxc4 29. Qxc4 Nf6 30. Nc3 Rfc8 31. Qxa6 Nxd5 32.
Nxd5 Qxd5 33. Red1 Qe6 34. Rab1 f4 35. Qc6 e4 36. Qd5 Qg6 37. Kh1 Re8 38.
a6 Ra8 39. Ra1 Ra7 40. Ra2 h6 41. b5 Re5 42. Qd4 Ra8 43. b6 cxb6 44. Qxb6
Qf7 45. Rc2 f3 46. Qxd6 Ra5 47. Qc6 fxg2+ 48. Rxg2 R5xa6 49. Qxe4 Qh5 50.
Rd3 Ra1 51. Kh2 Qf7 52. Ng3 Qc7 53. Qd5 R1a6 54. Qd7 Qb8 55. Rgd2 Qe5 56.
Qf5 Qe8 57. Rd7 Ra2 58. Qg4 Rxd2+ 59. Rxd2 Qe5 60. Qe4 Qb8 61. Qd5 Qa7 62.
Nf5 Qc7+ 63. Qd6 Qf7 64. Qd7 Qf6 65. Re2 Kh7 66. Qe6 Qc3 67. Rg2 Rg8 68.
Nd6 Qc7 69. Kh1 Qc1+ 70. Rg1 Qc6+ 71. Qe4+ Qxe4+ 72. Nxe4 Re8 73. Re1 Kg6
74. Kg2 Ra8 75. Re3 Ra6 76. Kf3 Kf5 77. Rb3 g5 78. Rb5+ Kg6 79. Rd5 Ra3+
80. Kg2 Ra2+ 81. Rd2 Ra4 82. Rd6+ Kg7 83. Ng3 Ra2+ 84. Kf3 Ra3+ 85. Kf2
Ra2+ 86. Ke3 Ra3+ 87. Rd3 Ra6 88. Nf5+ Kg6 89. Rd6+ Rxd6 90. Nxd6 Kh5 91.
Nf5 Kg6 92. Ke4 h5 93. Ke5 g4 94. h4 Kf7 95. Ng3 Kg6 1-0

[Event "38th Olympiad w"]
[Site "Dresden GER"]
[Date "2008.11.13"]
[Round "1"]
[White "Bojkovic,N"]
[Black "Vasquez Ramirez,R"]
[Result "1-0"]
[WhiteElo "2420"]
[BlackElo "2284"]
[EventDate "2008.11.13"]

1. e4 c5 2. Nf3 d6 3. Bc4 Nf6 4. d3 e6 5. O-O Be7 6. Bb3 Nc6 7. c3 Bd7 8.
Re1 Ne5 9. d4 Nxf3+ 10. Qxf3 cxd4 11. cxd4 e5 12. dxe5 dxe5 13. Bg5 O-O 14.
Nc3 Rc8 15. Rad1 Qe8 16. Qg3 Bd8 17. Nd5 Nxd5 18. Rxd5 Be6 19. Rxd8 Rxd8
20. Bh6 g6 21. Qxe5 1-0

[Event "38th Olympiad w"]
[Site "Dresden GER"]
[Date "2008.11.13"]
[Round "1"]
[White "Chelushkina,I"]
[Black "Heredia Serrano,C"]
[Result "1-0"]
[WhiteElo "2360"]
[BlackElo "2105"]
[EventDate "2008.11.13"]

1. g3 Nf6 2. Bg2 g6 3. c4 Bg7 4. Nc3 O-O 5. e4 d6 6. Nge2 e5 7. d3 c6 8. h3
Be6 9. f4 Nh5 10. f5 gxf5 11. exf5 Bxf5 12. g4 Qh4+ 13. Kf1 Bxg4 14. hxg4
Qxg4 15. Ne4 f5 16. Nf2 Qg6 17. Bf3 Nf6 18. Qd2 e4 19. Nf4 Qg3 20. Rh3 Qg5
21. Bg2 Re8 22. dxe4 fxe4 23. Qxd6 Bf8 24. Nh5 Nxh5 25. Bxg5 Bxd6 26. Rxh5
e3 27. Ne4 Be5 28. Ke2 Nd7 29. Rd1 Nf8 30. Bf6 Ng6 31. Bxe5 Rxe5 32. Rxe5
Nxe5 33. Bh3 Kf8 34. b3 a5 35. Rf1+ Ke7 36. Rf5 Ng6 37. Kxe3 a4 38. b4 Rf8
39. Rxf8 Kxf8 40. Nc3 Ke7 41. Nxa4 Kd6 42. c5+ 1-0

[Event "38th Olympiad w"]
[Site "Dresden GER"]
[Date "2008.11.13"]
[Round "1"]
[White "Michna,Mart"]
[Black "Paridar,S"]
[Result "0-1"]
[WhiteElo "2399"]
[BlackElo "2248"]
[EventDate "2008.11.13"]

1. e4 c5 2. b3 Nf6 3. e5 Nd5 4. Bb2 Nc6 5. Nf3 Nf4 6. g3 Ne6 7. Bg2 g6 8.
O-O Bg7 9. Re1 d6 10. Na3 O-O 11. Rb1 d5 12. Nh4 Ned4 13. f4 h5 14. c3 Bg4
15. Nf3 Ne6 16. h3 Bf5 17. Rc1 Bd3 18. Re3 Be4 19. d3 Bxf3 20. Rxf3 Bh6 21.
h4 Rb8 22. Rf2 Ng7 23. Nc2 e6 24. Ba3 Qa5 25. b4 cxb4 26. cxb4 Qb5 27. d4
Rfc8 28. Bf1 Qa4 29. b5 Na5 30. Bc5 b6 31. Rf3 Nc4 32. Bxc4 bxc5 33. Bf1 c4
34. Ra3 Qxb5 35. Rxa7 Nf5 36. Kh2 Qb2 37. Kh3 Ra8 38. Rxa8 Rxa8 39. a3 Rb8
40. Be2 Rb3 0-1

[Event "38th Olympiad w"]
[Site "Dresden GER"]
[Date "2008.11.13"]
[Round "1"]
[White "Ghader Pour,S"]
[Black "Ohme,M"]
[Result "0-1"]
[WhiteElo "2149"]
[BlackElo "2237"]
[EventDate "2008.11.13"]

1. e4 e5 2. Nf3 Nc6 3. Bb5 a6 4. Ba4 Nf6 5. O-O Be7 6. Re1 b5 7. Bb3 d6 8.
c3 O-O 9. h3 Re8 10. Ng5 Rf8 11. d4 Bb7 12. Nf3 Nb8 13. Nbd2 Nbd7 14. Bc2
Re8 15. Nf1 Bf8 16. Ng3 g6 17. Bg5 h6 18. Bd2 Bg7 19. d5 c6 20. dxc6 Bxc6
21. Be3 d5 22. exd5 Nxd5 23. Qd2 Nxe3 24. Rxe3 Nb6 25. Bb3 Qxd2 26. Nxd2
Rad8 27. Re2 Nd5 28. Nde4 Nf4 29. Re3 Kf8 30. f3 f5 31. Nc5 Rd2 32. Nf1
Rxg2+ 33. Kh1 Rf2 34. Nh2 Rd8 35. Rd1 Rxd1+ 36. Bxd1 Rxb2 37. h4 Rxa2 38.
Nf1 Ra1 0-1

[Event "38th Olympiad w"]
[Site "Dresden GER"]
[Date "2008.11.13"]
[Round "1"]
[White "Hoolt,S"]
[Black "Salman,Ma"]
[Result "0-1"]
[WhiteElo "2274"]
[BlackElo "2112"]
[EventDate "2008.11.13"]

1. e4 c5 2. Nf3 d6 3. d4 cxd4 4. Nxd4 Nf6 5. Nc3 a6 6. g3 e5 7. Nde2 b5 8.
Bg2 Bb7 9. h3 Be7 10. g4 Nbd7 11. Ng3 Nc5 12. O-O O-O 13. Re1 g6 14. Bh6
Re8 15. Qd2 Ne6 16. Nd5 Nxd5 17. exd5 Nc5 18. Be3 Rc8 19. b3 Bf6 20. a4
bxa4 21. b4 Nd7 22. Rxa4 Nb6 23. Bxb6 Qxb6 24. Bf1 Bh4 25. Ne4 Qd4 26. c4
Kg7 27. Qxd4 exd4 28. Raa1 Rcd8 29. Bd3 Bc8 30. Nd2 h5 31. Nf3 Be7 32. g5
Bxh3 33. Rxa6 Bg4 34. Kg2 h4 35. Ng1 Bxg5 36. Rxe8 Rxe8 37. Rxd6 Bf4 38.
Ra6 Re1 39. b5 Rd1 40. Ra3 Rd2 41. Be4 f5 42. Bf3 h3+ 43. Nxh3 Bxh3+ 44.
Kxh3 Rxf2 45. Bg2 g5 0-1

[Event "38th Olympiad w"]
[Site "Dresden GER"]
[Date "2008.11.13"]
[Round "1"]
[White "Voiska,M"]
[Black "Tjolsen,K"]
[Result "1-0"]
[WhiteElo "2318"]
[BlackElo "2110"]
[EventDate "2008.11.13"]

1. c4 c5 2. g3 g6 3. Bg2 Bg7 4. Nc3 Nc6 5. d3 d6 6. Nf3 e5 7. Nd2 Nge7 8.
Nf1 O-O 9. Ne3 Rb8 10. Ned5 Nxd5 11. Nxd5 b5 12. Nc3 Nd4 13. e3 b4 14. Nd5
Nc6 15. O-O Bb7 16. f4 exf4 17. gxf4 Ne7 18. Rb1 Bxd5 19. cxd5 Nf5 20. Bh3
Qf6 21. Kh1 Rfe8 22. Qf3 Rb7 23. Bxf5 gxf5 24. Rg1 Kh8 25. b3 Qh6 26. Rg5
Qh4 27. Bd2 Bc3 28. Rbg1 Rbb8 29. Rh5 Qxh5 30. Qxh5 Bxd2 31. Qh6 Bc3 32. d4
1-0

[Event "38th Olympiad w"]
[Site "Dresden GER"]
[Date "2008.11.13"]
[Round "1"]
[White "Jorgensen,L"]
[Black "Velcheva,M"]
[Result "1/2-1/2"]
[WhiteElo "1946"]
[BlackElo "2280"]
[EventDate "2008.11.13"]

1. d4 d5 2. c4 c6 3. Nf3 Nf6 4. Nc3 dxc4 5. a4 Bf5 6. e3 e6 7. Bxc4 Bb4 8.
O-O O-O 9. Qe2 Nbd7 10. e4 Bg4 11. e5 Nd5 12. Nxd5 cxd5 13. Bd3 f6 14. h3
Bxf3 15. gxf3 fxe5 16. dxe5 Qh4 17. Kg2 Rac8 18. f4 Nb6 19. Qg4 Qxg4+ 20.
hxg4 Nc4 21. Rd1 Na5 22. f5 Nb3 23. Rb1 exf5 24. Bxf5 Rc6 25. Be3 d4 26.
Bxd4 Nxd4 27. Rxd4 Bc5 28. Rd2 Rb6 29. Rc1 Be7 30. Rc7 Bd8 31. Rcd7 Bg5 32.
Re2 Re8 33. Be4 Rb4 34. f3 Rxa4 35. Rxb7 Ra5 36. e6 g6 37. Bc6 Re7 38. Rb8+
Kg7 39. Bd7 Rd5 40. Rb7 a5 41. Bc6 Rxb7 42. Bxb7 Rd2 43. Rxd2 Bxd2 44. b3
Kf6 45. Bd5 Bf4 46. Kf2 h5 47. Kg2 h4 48. Kh3 Ke5 1/2-1/2

[Event "38th Olympiad w"]
[Site "Dresden GER"]
[Date "2008.11.13"]
[Round "1"]
[White "Berend,E"]
[Black "Muzychuk,A"]
[Result "1/2-1/2"]
[WhiteElo "2328"]
[BlackElo "2508"]
[EventDate "2008.11.13"]

1. e4 c5 2. Nf3 e6 3. d4 cxd4 4. Nxd4 a6 5. Bd3 g6 6. O-O Bg7 7. Nf3 Ne7 8.
c4 Nbc6 9. Nc3 O-O 10. Bf4 d5 11. exd5 exd5 12. c5 b6 13. cxb6 Qxb6 14. Na4
Qb4 15. Bd2 Qb8 16. Rc1 Bg4 17. Be2 Qd6 18. h3 Bf5 19. b3 Qa3 20. Nh4 Be6
21. Nc5 Nd4 22. Nf3 Nef5 23. Nxd4 Bxd4 24. Nxe6 fxe6 25. Bc3 Bxc3 26. Rxc3
Qxa2 27. Rc6 Rf6 28. Bg4 Raf8 29. Qd3 a5 30. Ra6 Qb2 31. Rb1 Qe5 32. Rxa5
Nd4 33. Qe3 Qxe3 34. fxe3 Nc2 35. e4 dxe4 36. Re5 e3 37. Bxe6+ Kg7 38. Bc4
Rd8 39. Rf1 Rxf1+ 40. Kxf1 Rd1+ 41. Ke2 Rd2+ 42. Kf3 Kf6 43. Re6+ Kg5 44.
Re5+ Kf6 45. Re6+ Kg7 46. Re7+ Kf8 47. Re4 g5 48. g4 Rf2+ 49. Kg3 Ne1 50.
h4 Rf3+ 51. Kh2 gxh4 52. g5 Rf2+ 53. Kh3 Ng2 54. Kg4 Rd2 55. Bf1 Rf2 56.
Bxg2 Rxg2+ 57. Kxh4 e2 58. Kh3 Rxg5 59. Rxe2 Rb5 60. Re3 1/2-1/2

[Event "38th Olympiad w"]
[Site "Dresden GER"]
[Date "2008.11.13"]
[Round "1"]
[White "Rozic,V"]
[Black "Bakalarz,G"]
[Result "1-0"]
[WhiteElo "2293"]
[BlackElo "2001"]
[EventDate "2008.11.13"]

1. d4 Nf6 2. Nf3 d5 3. Bg5 Ne4 4. Bf4 c5 5. e3 Qb6 6. Qc1 Nc6 7. c3 Bf5 8.
Be2 cxd4 9. exd4 Rc8 10. O-O e6 11. Nbd2 Be7 12. Be3 O-O 13. Nxe4 Bxe4 14.
Qd2 a6 15. Bf4 Rfd8 16. Rfe1 Na5 17. Ne5 f6 18. Nf3 Bd6 19. Bxd6 Rxd6 20.
Nh4 e5 21. dxe5 fxe5 22. b3 Rf8 23. Rf1 Rf4 24. Nf3 Rg6 25. Qe3 Qf6 26. Ne1
d4 27. cxd4 exd4 28. Qc1 Nc6 29. Qc4+ Kh8 30. Bd3 Qe5 31. Bxe4 Rxe4 32. Nd3
Qg5 33. g3 h5 34. Rae1 b5 35. Qf7 Rf6 36. Qd7 Rxe1 37. Rxe1 Qd2 38. Qe8+
Kh7 39. Qxh5+ Rh6 40. Qf5+ Rg6 41. Re6 Qd1+ 42. Kg2 Qg4 43. Qxg4 1-0

[Event "38th Olympiad w"]
[Site "Dresden GER"]
[Date "2008.11.13"]
[Round "1"]
[White "Hagarova,Z"]
[Black "Topel,Z"]
[Result "1/2-1/2"]
[WhiteElo "2430"]
[BlackElo "2214"]
[EventDate "2008.11.13"]

1. e4 c5 2. Nf3 Nc6 3. Nc3 Nf6 4. d4 cxd4 5. Nxd4 d6 6. Bg5 e6 7. Qd3 a6 8.
O-O-O Bd7 9. Be2 b5 10. Nxc6 Bxc6 11. Bf3 Qb6 12. e5 dxe5 13. Bxf6 gxf6 14.
Ne4 Be7 15. Nxf6+ Bxf6 16. Qd6 Rc8 17. Bh5 Bg5+ 18. Kb1 Qc7 19. Qxe6+ Kf8
20. Qf5 Bf4 21. Bxf7 Kg7 22. Be6 Rcf8 23. Qg4+ Kf6 24. Bb3 Qe7 25. g3 h5
26. Qh3 Bxh1 27. gxf4 Rh7 28. Qh4+ Kf5 29. Qh3+ Kf6 30. Rg1 exf4 31. Qc3+
Kf5 32. Rxh1 Qe5 33. Qd3+ Qe4 34. Qh3+ Kg6 35. Rd1 Rf6 36. Qc8 Kh6 37. a3
Qc6 38. Qd8 Qb6 39. Qd2 Rg7 40. Qe2 a5 41. Rd5 Rg5 42. Rxg5 Kxg5 43. c3 Qc5
44. Bd1 f3 45. Qe1 Qd5 46. Qg1+ Kh6 47. Bc2 Qd2 48. b3 Qg5 49. Qe1 Rf7 50.
Qe6+ Kg7 51. Qe4 Kh6 52. Qe8 Qf6 53. Qxb5 Qxc3 54. Qb6+ Qf6 55. Qxa5 Re7
56. Qd2+ Kg7 57. Ka2 Qe5 58. Qd3 Rc7 59. Kb1 Qe1+ 60. Kb2 Qe5+ 61. Kb1 Qc3
62. Qg6+ Kf8 63. Qf5+ Ke7 64. Qh7+ Kf8 1/2-1/2

[Event "38th Olympiad w"]
[Site "Dresden GER"]
[Date "2008.11.13"]
[Round "1"]
[White "Bayrak,A"]
[Black "Gregorova,Z"]
[Result "0-1"]
[WhiteElo "2005"]
[BlackElo "2163"]
[EventDate "2008.11.13"]

1. e4 e5 2. Bc4 Nc6 3. Nf3 Bc5 4. d3 Nf6 5. O-O d6 6. c3 a6 7. Bb3 Ba7 8.
Nbd2 O-O 9. Re1 h6 10. h3 Nh5 11. Nf1 Qf6 12. Be3 Nf4 13. Bxa7 Rxa7 14. Ne3
Ne7 15. Kh2 Neg6 16. Ng1 Ra8 17. g3 Ne6 18. Rf1 Nc5 19. Bc2 Re8 20. Qd2 c6
21. Rae1 Ne6 22. Nf5 d5 23. Bb3 Nc5 24. Bc2 Bxf5 25. exf5 Qxf5 26. b4 Nd7
27. d4 Qf6 28. dxe5 Ndxe5 29. f4 Nc4 30. Qd3 Na3 31. Bb3 Nb5 32. Ne2 Re7
33. a4 Nd6 34. b5 axb5 35. axb5 Nxb5 36. Nd4 Nxd4 37. cxd4 Rae8 38. Rxe7
Qxe7 39. Rf2 Qe3 40. Qxe3 Rxe3 41. Bc2 Ne7 42. Bb1 Rb3 43. Bc2 Rb4 44. Rd2
Nc8 45. Kg2 Nd6 46. Kf3 Kf8 47. f5 Rb2 48. Kf4 Nb5 49. Ke5 0-1

[Event "38th Olympiad w"]
[Site "Dresden GER"]
[Date "2008.11.13"]
[Round "1"]
[White "Muminova,N"]
[Black "Cosma,E"]
[Result "1-0"]
[WhiteElo "2240"]
[BlackElo "2340"]
[EventDate "2008.11.13"]

1. e4 e6 2. d4 d5 3. e5 c5 4. c3 Nc6 5. Nf3 Bd7 6. Be2 f6 7. O-O Qb6 8. a3
c4 9. Nbd2 Na5 10. Rb1 Nh6 11. exf6 gxf6 12. b3 cxb3 13. c4 Ba4 14. Qe1
O-O-O 15. Bb2 Kb8 16. c5 Qc7 17. Bd1 Re8 18. Bc3 e5 19. Bxa5 Qxa5 20. Nxb3
Qxe1 21. Rxe1 exd4 22. Rxe8+ Bxe8 23. Nfxd4 Kc8 24. Bf3 Bf7 25. c6 bxc6 26.
Nxc6 Kd7 27. Nbd4 Bc5 28. Nb3 Bxa3 29. Nxa7 Bd6 30. Nb5 Rb8 31. N5d4 Ra8
32. Nd2 Be5 33. N2b3 Bd6 34. Nd2 Be5 35. N2b3 Bd6 36. Nd2 Rb8 37. N2b3 Rb4
38. Be2 Bg6 39. Ra1 Rb7 40. Bb5+ Ke7 41. Bc6 Rc7 42. Bxd5 Be5 43. Re1 Kd6
44. Bf3 Be8 45. Bd1 Rc4 46. Nf3 Nf5 47. Be2 Rc3 48. Nbd2 Bc6 49. Nc4+ Ke6
50. Ncd2 Nd6 51. Nxe5 fxe5 52. Bg4+ Kf6 53. Bf3 e4 54. Bg4 Rc2 55. Nf1 Nc4
56. Bh3 Ke5 57. Ng3 Nd6 58. f3 Rd2 59. fxe4 Bxe4 60. Nxe4 Nxe4 61. g3 Kd4
62. Bg2 Ng5 63. h4 Nf7 64. Re4+ Kd3 65. Re7 Rd1+ 66. Bf1+ 1-0

[Event "38th Olympiad w"]
[Site "Dresden GER"]
[Date "2008.11.13"]
[Round "1"]
[White "Voicu,C"]
[Black "Sabirova,O"]
[Result "1-0"]
[WhiteElo "2239"]
[BlackElo "2185"]
[EventDate "2008.11.13"]

1. e4 e5 2. Nf3 Nc6 3. Bc4 d6 4. c3 g6 5. h3 Bg7 6. d4 Qe7 7. O-O Nf6 8.
Re1 O-O 9. Nbd2 Nh5 10. Nf1 Nd8 11. Bg5 Qe8 12. Ne3 h6 13. g4 Nf4 14. Bxf4
exf4 15. Ng2 g5 16. e5 Qc6 17. Qd3 dxe5 18. Nxe5 Bxe5 19. Rxe5 Qf6 20. Bb3
Nc6 21. Bc2 Qg7 22. Re2 f5 23. f3 Bd7 24. Rae1 fxg4 25. hxg4 Rae8 26. d5
Rxe2 27. Rxe2 Nd8 28. Qc4 Kh8 29. Qxc7 h5 30. Ne1 hxg4 31. Rh2+ Kg8 32.
Bh7+ Kh8 33. Be4+ Kg8 34. Rh7 Qf6 35. Rxd7 gxf3 36. Rd6 f2+ 37. Kxf2 Qf7
38. Rg6+ Kh8 39. Qe5+ 1-0

[Event "38th Olympiad w"]
[Site "Dresden GER"]
[Date "2008.11.13"]
[Round "1"]
[White "Gevorgyan,I"]
[Black "Paulet,I"]
[Result "0-1"]
[WhiteElo "2179"]
[BlackElo "2307"]
[EventDate "2008.11.13"]

1. d4 Nf6 2. c4 e6 3. Nc3 Bb4 4. Qc2 c5 5. dxc5 O-O 6. Bg5 Na6 7. a3 Bxc3+
8. Qxc3 Nxc5 9. f3 Nfe4 10. Bxd8 Nxc3 11. Be7 Nb3 12. Bxf8 Kxf8 13. Rd1
Nxd1 14. Kxd1 b6 15. e3 Ba6 16. Kc2 Na5 17. b3 d5 18. Nh3 Rc8 19. a4 dxc4
20. b4 Nc6 21. Kc3 b5 22. axb5 Bxb5 23. Be2 Ne7 24. e4 Nc6 25. Rd1 Ne5 26.
Nf2 Nd3 27. Ng4 f5 28. Ne3 g6 29. Nc2 Ba4 30. Rd2 Bxc2 31. Rxc2 Ne5 32. Ra2
fxe4 33. Rxa7 exf3 34. Bxf3 h5 35. b5 Rb8 36. Bc6 Nxc6 37. bxc6 Rc8 38. Ra6
Ke7 39. Kxc4 Kd6 40. Kb5 g5 41. c7+ Kd7 42. Kb6 Rxc7 43. Ra5 Rc6+ 44. Kb7
g4 45. Rxh5 Rc2 46. g3 Rb2+ 47. Ka6 Kd6 48. Rg5 Rb4 49. Ka5 Rd4 50. Rg8 e5
51. Kb5 Kd5 52. Rg5 Rd2 53. Kb4 Rxh2 54. Kc3 Ke4 55. Rxg4+ Ke3 56. Ra4 e4
57. Kc4 Rd2 58. Ra3+ Kf2 59. Ra1 e3 60. Kc3 Rd8 61. Ra7 Kxg3 0-1

[Event "38th Olympiad w"]
[Site "Dresden GER"]
[Date "2008.11.13"]
[Round "1"]
[White "Motoc,A"]
[Black "Tokhirjanova,H"]
[Result "1-0"]
[WhiteElo "2313"]
[BlackElo "2106"]
[EventDate "2008.11.13"]

1. d4 Nf6 2. c4 e6 3. Nc3 c5 4. d5 exd5 5. cxd5 d6 6. e4 g6 7. h3 Bg7 8.
Bd3 O-O 9. Nf3 b5 10. a3 c4 11. Bc2 a6 12. O-O Nbd7 13. Bf4 Qc7 14. Qd2 Re8
15. Nd4 Ne5 16. Be3 Bb7 17. Rfe1 Ned7 18. f4 Nc5 19. Bf2 Re7 20. Nf3 Nfd7
21. Re2 Ree8 22. Rae1 f6 23. Nd4 Rac8 24. h4 Re7 25. h5 Rce8 26. hxg6 hxg6
27. e5 fxe5 28. Bxg6 Rf8 29. Nf5 Rxf5 30. Bxf5 Rf7 31. Be6 Nf8 32. Bxf7+
Qxf7 33. Bxc5 1-0

[Event "38th Olympiad w"]
[Site "Dresden GER"]
[Date "2008.11.13"]
[Round "1"]
[White "Peng Zhaoqin"]
[Black "Ortiz,Na"]
[Result "1-0"]
[WhiteElo "2455"]
[BlackElo "2230"]
[EventDate "2008.11.13"]

1. d4 Nf6 2. c4 g6 3. Nc3 Bg7 4. e4 d6 5. Nf3 O-O 6. Be2 Nbd7 7. O-O e5 8.
Qc2 Re8 9. Rd1 c6 10. Bf1 Qc7 11. Rb1 a5 12. b3 Rb8 13. Ba3 Bf8 14. Rbc1 b6
15. h3 Bb7 16. d5 c5 17. Bb2 Ba6 18. Qd2 Nh5 19. g3 Be7 20. Qh6 Qd8 21. Rc2
Bf8 22. Qe3 Bg7 23. Be2 h6 24. Nb5 Qe7 25. Nc7 Rec8 26. Nxa6 Ra8 27. Nxc5
bxc5 28. Nd2 Nhf6 29. Nb1 Nh7 30. Nc3 f5 31. exf5 gxf5 32. Nb5 Ng5 33. f4
Ne4 34. Bd3 exf4 35. gxf4 Bxb2 36. Rxb2 Ndf6 37. Bxe4 Nxe4 38. Rg2+ Kh7 39.
Nc3 Rg8 40. Nxe4 Rxg2+ 41. Kxg2 fxe4 42. Kh2 Rg8 43. Re1 Re8 44. Re2 h5 45.
Re1 Kh8 46. Qc3+ Qg7 47. Qg3 Qb2+ 48. Qg2 Qxg2+ 49. Kxg2 Kg7 50. Kf2 Kf6
51. Rg1 e3+ 52. Ke2 Kf5 53. Rg5+ Ke4 54. Rxh5 Kd4 55. f5 Re4 56. Rg5 1-0

[Event "38th Olympiad w"]
[Site "Dresden GER"]
[Date "2008.11.13"]
[Round "1"]
[White "Chirivi C,Y"]
[Black "Schuurman,P"]
[Result "0-1"]
[WhiteElo "2175"]
[BlackElo "2324"]
[EventDate "2008.11.13"]

1. d4 Nf6 2. c4 e6 3. Nf3 c5 4. d5 b5 5. dxe6 fxe6 6. b3 d5 7. e3 b4 8. Bb2
Bd6 9. a3 O-O 10. axb4 cxb4 11. Nbd2 Nbd7 12. Be2 a5 13. O-O Nc5 14. Ne5
Qc7 15. f4 Bb7 16. Ndf3 Nfe4 17. Nd4 Nc3 18. Bxc3 bxc3 19. Nb5 Qe7 20. Nxd6
Qxd6 21. Qc2 Qb6 22. Qxc3 Qxb3 23. Qd4 Qb4 24. Rab1 Nb3 25. Qd1 a4 26. Bd3
Qe7 27. Qh5 g6 28. Qe2 Qg7 29. h3 Rac8 30. cxd5 Bxd5 31. e4 Qa7+ 32. Kh2
Ba8 33. Bc4 Nd4 34. Qe3 Rc7 35. Rfd1 Rd8 36. Ng4 Rxc4 37. Nf6+ Kg7 38. e5
Nf3+ 0-1

[Event "38th Olympiad w"]
[Site "Dresden GER"]
[Date "2008.11.13"]
[Round "1"]
[White "Bensdorp,M"]
[Black "Mateus,Mar"]
[Result "1-0"]
[WhiteElo "2303"]
[BlackElo "2138"]
[EventDate "2008.11.13"]

1. d4 d5 2. c4 e6 3. Nc3 c5 4. cxd5 cxd4 5. Qa4+ Bd7 6. Qxd4 exd5 7. Qxd5
Nc6 8. Nf3 Nf6 9. Qb3 Bc5 10. Bg5 Na5 11. Qc2 Rc8 12. e3 Qb6 13. Be2 h6 14.
Bh4 O-O 15. O-O Bb4 16. Rac1 Rfe8 17. Rfd1 Bg4 18. h3 Bh5 19. Bxf6 Qxf6 20.
Qa4 Nc6 21. Nd5 Qxb2 22. Bb5 Bf8 23. Rc3 Bxf3 24. gxf3 a6 25. Bd3 Ne5 26.
Rb3 Nxd3 27. Rbxd3 Re6 28. Nf4 Re5 29. R3d2 Qc3 30. Ne2 Rg5+ 31. Ng3 Qf6
32. f4 Rb5 33. Qe4 h5 34. Rd5 Rxd5 35. Qxd5 h4 36. Ne4 Qg6+ 37. Kf1 Qc6 38.
Qxc6 bxc6 39. Rd7 Rb8 40. Ra7 Rb4 41. Ng5 Ra4 42. Rxf7 Rxa2 43. Rc7 Rd2 44.
Rxc6 a5 45. Ra6 Rd5 46. Ra8 Rf5 47. Ne6 g6 48. Kg2 Rf6 49. Nxf8 Rxf8 50.
Rxa5 Kg7 51. Kf3 Rb8 52. Kg4 Rb2 53. f3 Rf2 54. e4 Rg2+ 55. Kxh4 Kf6 56.
Rg5 Re2 57. Kg3 1-0

[Event "38th Olympiad w"]
[Site "Dresden GER"]
[Date "2008.11.13"]
[Round "1"]
[White "Tsiganova,M"]
[Black "Jackova,J"]
[Result "0-1"]
[WhiteElo "2208"]
[BlackElo "2360"]
[EventDate "2008.11.13"]

1. d4 Nf6 2. Nf3 e6 3. e3 b6 4. Bd3 Bb7 5. O-O c5 6. c4 Be7 7. Nc3 d5 8.
cxd5 Nxd5 9. e4 Nxc3 10. bxc3 O-O 11. Bb2 cxd4 12. cxd4 Nc6 13. Rc1 Rc8 14.
Qe2 Bf6 15. Ba3 Re8 16. e5 Be7 17. Bxe7 Qxe7 18. Bb5 Red8 19. Qe3 Nb4 20.
a3 Nc2 21. Qd2 Nxa3 22. Bd3 Bxf3 23. gxf3 b5 24. Rxc8 Rxc8 25. f4 g6 26.
Qa5 b4 27. d5 exd5 28. Qxd5 Rd8 29. Qe4 b3 30. Bb1 Rb8 31. Qa4 b2 32. Rd1
Nxb1 33. Rxb1 Qc5 34. Qa2 Qb6 35. Qd5 a5 36. h4 a4 37. h5 a3 38. h6 Qe6 39.
Qd4 a2 0-1

[Event "38th Olympiad w"]
[Site "Dresden GER"]
[Date "2008.11.13"]
[Round "1"]
[White "Nemcova,Kat"]
[Black "Gansvind,V"]
[Result "1/2-1/2"]
[WhiteElo "2369"]
[BlackElo "2212"]
[EventDate "2008.11.13"]

1. e4 c5 2. Nf3 e6 3. d4 cxd4 4. Nxd4 a6 5. Nc3 Qc7 6. Bd3 Nf6 7. f4 d6 8.
Qf3 h5 9. h3 h4 10. Be3 Be7 11. O-O-O Nbd7 12. Kb1 b5 13. a3 Bb7 14. Rhe1
Rc8 15. Qf2 Nc5 16. Bc1 Nfd7 17. Bf1 Nb6 18. Nf3 Nba4 19. Nxa4 Nxa4 20. Bd3
Nc5 21. Re2 d5 22. e5 Ne4 23. Qe1 Ng3 24. Red2 g6 25. c3 Bc6 26. Rc2 Bd7
27. Be3 Qb7 28. Bf2 Nh5 29. Qd2 Ng7 30. Qe1 Nh5 31. Qd2 Rc4 32. Nd4 Rc8 33.
Nb3 Qc7 34. Nd4 Qb7 35. Nb3 Qc7 36. Nd4 Qb7 37. Nb3 Qc7 1/2-1/2

[Event "38th Olympiad w"]
[Site "Dresden GER"]
[Date "2008.11.13"]
[Round "1"]
[White "Bashkite,V"]
[Black "Kulovana,E"]
[Result "0-1"]
[WhiteElo "2129"]
[BlackElo "2286"]
[EventDate "2008.11.13"]

1. e4 c6 2. d4 d5 3. exd5 cxd5 4. c4 Nf6 5. Nc3 e6 6. Nf3 Bb4 7. Qa4+ Nc6
8. Ne5 Qa5 9. Qxa5 Bxa5 10. Nxc6 bxc6 11. Bd2 Ba6 12. cxd5 Bxf1 13. Rxf1
cxd5 14. Nb5 Bxd2+ 15. Kxd2 Rb8 16. a4 a6 17. Nc7+ Ke7 18. Rfb1 Rb6 19. b4
Rc8 20. a5 Rd6 21. Nxa6 Rxa6 22. b5 Raa8 23. b6 Rcb8 24. f3 Ra6 25. Kc3 Ne8
26. Kb4 Nd6 27. Rc1 Rb7 28. Rc6 Nf5 29. Kb5 Ra8 30. Ra4 Kd7 31. a6 Rxa6 32.
Rc7+ Rxc7 33. Kxa6 Rc8 34. Ka7 Nd6 35. Rb4 Rc4 36. Rb2 Kc8 37. Ra2 Rb4 38.
Ra5 Rb5 39. Ra6 Nb7 40. f4 Ra5 41. g4 f6 42. h4 Rxa6+ 43. Kxa6 Nd6 44. h5
Kb8 45. g5 fxg5 46. fxg5 g6 47. hxg6 hxg6 0-1

[Event "38th Olympiad w"]
[Site "Dresden GER"]
[Date "2008.11.13"]
[Round "1"]
[White "Yanjindulam,D"]
[Black "Botsari,A"]
[Result "1-0"]
[WhiteElo "2286"]
[BlackElo "2308"]
[EventDate "2008.11.13"]

1. e4 e5 2. Nf3 Nc6 3. Bb5 Nf6 4. O-O Nxe4 5. d4 Nd6 6. Bxc6 dxc6 7. dxe5
Nf5 8. Qxd8+ Kxd8 9. b3 Ke8 10. Bb2 h6 11. Nc3 Be6 12. Rad1 Rd8 13. Rxd8+
Kxd8 14. Rd1+ Kc8 15. Ne2 Be7 16. Nf4 Rd8 17. Rxd8+ Bxd8 18. Nxe6 fxe6 19.
Nd4 Nxd4 20. Bxd4 b6 21. c4 Kd7 22. f4 c5 23. Be3 h5 24. Kf2 g6 25. Kf3 Ke8
26. Kg3 Kf7 27. Kh3 c6 28. g4 Bc7 29. Bf2 g5 30. fxg5 Kg6 31. Kh4 hxg4 32.
Kxg4 Bxe5 33. h4 Bc3 34. Bg3 a6 35. h5+ Kf7 36. Bd6 Bb2 37. g6+ Kf6 38. Bf8
Bc1 39. Kf3 Bd2 40. Ke4 Bc3 41. Bd6 Bd4 42. Be5+ 1-0

[Event "38th Olympiad w"]
[Site "Dresden GER"]
[Date "2008.11.13"]
[Round "1"]
[White "Makropoulou,M"]
[Black "Enxtuul,A"]
[Result "1-0"]
[WhiteElo "2265"]
[BlackElo "1977"]
[EventDate "2008.11.13"]

1. e4 d5 2. exd5 Qxd5 3. Nc3 Qa5 4. d4 Nf6 5. Nf3 Bg4 6. h3 Bxf3 7. Qxf3 c6
8. Bd3 e6 9. O-O Bd6 10. Bd2 Qc7 11. Rfe1 Nbd7 12. a3 O-O 13. Ne4 Nxe4 14.
Rxe4 Rfe8 15. Rae1 Nf8 16. c4 Qd7 17. Bc3 b5 18. cxb5 cxb5 19. Rh4 Be7 20.
Rf4 Bd6 21. Rh4 Be7 22. Rh5 a6 23. Be4 Rac8 24. d5 Bd6 25. Rd1 Rcd8 26.
dxe6 Qxe6 27. Bd5 Qe7 28. Rf5 Ne6 29. Qg4 Qc7 30. g3 Rd7 31. Rd3 Bf8 32.
Rdf3 Qb6 33. h4 a5 34. h5 b4 35. axb4 axb4 36. Bxg7 Bxg7 37. h6 Qd4 38. Be4
Qxb2 39. hxg7 Qa1+ 40. Kg2 Rd1 41. Rd3 Rxd3 42. Bxd3 Qc3 43. Rf3 Qd4 44.
Bxh7+ Kxh7 45. Qh5+ Kxg7 46. Rxf7+ 1-0